000 00357 a2200145 4500
001 49900
020 _a8573980680
040 _cAnchieta - Bela Vista
100 _aDuarte, Madalena Parisi
240 1 0 _aDireitos e deveres da criança
_lpor
245 1 0 _aDireitos e deveres da criança
300 _a8
650 4 _aLiteratura infanto-juvenil
942 _cBK
999 _c49900
_d49900